| 000 | 00964nam a2200217 i 4500 | ||
|---|---|---|---|
| 001 | 130382 | ||
| 003 | ES-MaACL | ||
| 005 | 20230906193727.0 | ||
| 007 | t| | ||
| 008 | 070726s1852 sp ||||1| spa d | ||
| 080 | _a364-57(460.271):615.838 | ||
| 245 | 0 | 0 | _aProspecto del establecimiento de baños minero-medicinales La Concepción, de propiedad y fundación del Señor Don Gaspar María Soliveres Sierra Borja y Stagno. |
| 260 |
_aMadrid : _b[s.n.], _c1852 ( _fImp. de La Esperanza, a cargo de A. Pérez Dubrull) |
||
| 300 |
_a30 p., [1] h. de lám., [1] h. de lám. pleg. ; _c28 cm. |
||
| 500 | _aLas h. de lám. lit., una parcial y otra general de la Casa de Baños. | ||
| 610 | 2 | 4 |
_aBalneario La Concepción de Peralta (Velilla de San Antonio, Madrid) _9170353 |
| 650 | 4 |
_aAguas minerales- _zMadrid (Comunidad Autónoma) _9159811 |
|
| 650 | 4 |
_aBalnearios- _zMadrid. _9175840 |
|
| 700 | 1 |
_aSoliveres, Gaspar María. _9107223 |
|
| 852 | 4 |
_aES-MaACL _jT-29-F-4 |
|
| 999 |
_c130382 _d130382 |
||